| 000 | 00343nam a22001337a 4500 | ||
|---|---|---|---|
| 020 | _qPB. | ||
| 040 | _cFIZZA ISHAQ | ||
| 082 |
_a025.04 _bJOH |
||
| 100 |
_aBALCE, RYAN HEBELER JOHN. _989154 |
||
| 245 |
_aSEMANTIC WEB PROGRAMMING / _cJOHN HEBELER RYAN BALCE. |
||
| 260 |
_aNEW DEHLI ; _bWILEY, _c2009. |
||
| 300 | _a616 P. ; | ||
| 942 |
_2ddc _cBK |
||
| 999 |
_c587974 _d587974 |
||